LEADER 01330nam 2200349Ia 450 001 996397246703316 005 20200824132022.0 035 $a(CKB)4940000000055699 035 $a(EEBO)2240916720 035 $a(OCoLC)ocm11875753e 035 $a(OCoLC)11875753 035 $a(EXLCZ)994940000000055699 100 $a19850402d1670 uy | 101 0 $aeng 135 $aurbn||||a|bb| 200 13$aAn exposition with practicall observations continued upon the eleventh, twelfth, thirteenth and fourteenth chapters of the book of Job$b[electronic resource] $ebeing the summe of XXXV lectures delivered at Magnus near the Bridge, London /$fby Joseph Caryl .. 210 $aLondon $cPrinted for Thomas Sawbridge ...$d1670 215 $a[10], 672, [19] p 300 $aIncludes index. 300 $aReproduction of original in the Union Theological Seminary Library. 330 $aeebo-0160 606 $aSermons, English$y17th century 615 0$aSermons, English 700 $aCaryl$b Joseph$f1602-1673.$01003625 801 0$bEAE 801 1$bEAE 801 2$bUMI 801 2$bWaOLN 906 $aBOOK 912 $a996397246703316 996 $aAn exposition with practicall observations continued upon the eleventh, twelfth, thirteenth and fourteenth chapters of the book of Job$92394456 997 $aUNISA